[Event "Vesterhav"]
[Site "Esbjerg"]
[Date "2008.07.14"]
[Round "6"]
[White "Jensen, Torben Richard"]
[Black "Husted, Peter"]
[Result "0-1"]
[WhiteElo "1968"]
[BlackElo "2149"]
[PlyCount "76"]
[EventDate "2008.07.11"]
[EventType "swiss"]
[EventRounds "10"]
[EventCountry "DEN"]
[Source "ChessBase"]
[SourceDate "2008.09.01"]

1. c4 c6 2. g3 d5 3. Bg2 Nf6 4. Nf3 Bg4 5. Ne5 Bf5 6. cxd5 cxd5 7. Nc3 Nbd7 8.
Qa4 e6 9. g4 Bc2 10. b3 Bd6 11. Nxd7 Nxd7 12. d3 a6 13. Nxd5 exd5 14. Bxd5 O-O
15. Be3 b5 16. Qd4 Be5 17. Qb4 Rc8 18. O-O Qh4 19. Rfc1 Qxh2+ 20. Kf1 Bxa1 21.
Rxa1 Qe5 22. Qd4 Qxd4 23. Bxd4 Nc5 24. Bxc5 Rxc5 25. Bb7 a5 26. Ke1 a4 27. Rc1
axb3 28. axb3 Rb8 29. Be4 g6 30. Kd2 Rbc8 31. Bb7 R8c7 32. b4 Rc3 33. Ba6 Ra3
34. Bxb5 Ra2 35. Ke1 Rb2 36. Ba6 Rxb4 37. Kd2 Rb2 38. Bc4 Ba4+ 0-1

[Event "Vesterhav"]
[Site "Esbjerg"]
[Date "2008.07.14"]
[Round "6"]
[White "Kallenbach, Uffe"]
[Black "Jacobsen, Per"]
[Result "1-0"]
[WhiteElo "1591"]
[BlackElo "1702"]
[PlyCount "91"]
[EventDate "2008.07.11"]
[EventType "swiss"]
[EventRounds "10"]
[EventCountry "DEN"]
[Source "ChessBase"]
[SourceDate "2008.09.01"]

1. d4 Nf6 2. c4 e5 3. dxe5 Ne4 4. a3 Nc6 5. Nf3 d6 6. Nbd2 Nc5 7. b4 Nd7 8. Bb2
Ndxe5 9. b5 Qe7 10. e3 Nxf3+ 11. Nxf3 Ne5 12. Be2 Bg4 13. O-O Bxf3 14. Bxf3
Nxc4 15. Bc3 Nxe3 16. Qd3 Nxg2 17. Bxg2 Qg5 18. Qe4+ Be7 19. Rfe1 f5 20. Qxb7
O-O 21. Qxc7 Rfe8 22. Qc4+ Kh8 23. Qe2 Rac8 24. Bb4 Qg6 25. Rad1 Bf6 26. Qd3
Rcd8 27. Rxe8+ Qxe8 28. Qxf5 Qe7 29. Be4 g6 30. Qf3 Be5 31. Bc3 Qg5+ 32. Kh1
Kg7 33. Bxe5+ Qxe5 34. Qd3 Rf8 35. f3 Rd8 36. Qd4 Qxd4 37. Rxd4 Kf6 38. Rd5 Ke6
39. Kg2 Rc8 40. a4 Rc4 41. a5 g5 42. Rxg5 Rb4 43. Bc6 Kf6 44. Rh5 Ra4 45. a6
Ra2+ 46. Kg3 1-0

[Event "Vesterhav"]
[Site "Esbjerg"]
[Date "2008.07.14"]
[Round "6"]
[White "Lauritsen, Martin Lee"]
[Black "Noe, Lars"]
[Result "1-0"]
[WhiteElo "2063"]
[BlackElo "1936"]
[PlyCount "143"]
[EventDate "2008.07.11"]
[EventType "swiss"]
[EventRounds "10"]
[EventCountry "DEN"]
[Source "ChessBase"]
[SourceDate "2008.09.01"]

1. e4 e5 2. Nc3 Nc6 3. Bc4 Nf6 4. d3 Be7 5. f4 exf4 6. Bxf4 d6 7. d4 O-O 8. Nf3
Bg4 9. Qd3 Nh5 10. Be3 Bh4+ 11. Kd2 Bxf3 12. gxf3 Bg5 13. Rag1 Nf4 14. Qf1 Kh8
15. h4 Bh6 16. Rg4 Qf6 17. Nb5 a6 18. Nxc7 Rac8 19. Nd5 Nxd5 20. exd5 Nxd4 21.
Bxh6 gxh6 22. Rh3 h5 23. Re4 Nf5 24. c3 Rg8 25. Qf2 b5 26. Bd3 Rc5 27. Rh2 Rxd5
28. Rg2 Re5 29. Rxg8+ Kxg8 30. Qb6 Rxe4 31. Bxe4 Nxh4 32. Ke2 Qg5 33. Qxa6 Qg2+
34. Kd3 Qf1+ 35. Kc2 Ng2 36. b3 Qe2+ 37. Kb1 Qe1+ 38. Kb2 Qf2+ 39. Kb1 Qf1+ 40.
Kb2 Qf2+ 41. Ka3 Qc5+ 42. Kb2 Ne3 43. Qa5 h4 44. Qd8+ Kg7 45. Qxh4 h5 46. Qe1
f5 47. Bd3 b4 48. f4 bxc3+ 49. Qxc3+ Kf7 50. Qxc5 dxc5 51. Be2 h4 52. Bf3 Ke7
53. a4 Kd6 54. Kc3 h3 55. a5 Kc7 56. Kd3 Nf1 57. Ke2 Ng3+ 58. Kf2 Ne4+ 59. Kg1
Nd2 60. Bd5 Ne4 61. Kh2 Nd6 62. Kxh3 Kb8 63. Kh4 Ka7 64. Kg5 Ka6 65. Kf6 Kxa5
66. Ke5 Nb5 67. Kxf5 Nd4+ 68. Ke5 Kb4 69. f5 Nxb3 70. f6 c4 71. f7 Nc5 72. f8=Q
1-0

[Event "Vesterhav"]
[Site "Esbjerg"]
[Date "2008.07.14"]
[Round "6"]
[White "Leenhouts, Koen"]
[Black "Pedersen, Jan Rode"]
[Result "1-0"]
[WhiteElo "2400"]
[BlackElo "2206"]
[PlyCount "83"]
[EventDate "2008.07.11"]
[EventType "swiss"]
[EventRounds "10"]
[EventCountry "DEN"]
[Source "ChessBase"]
[SourceDate "2008.09.01"]

1. e4 e5 2. Nf3 Nc6 3. Bb5 a6 4. Ba4 Nf6 5. O-O d6 6. Re1 Bg4 7. c3 Nd7 8. d3
Be7 9. Nbd2 Nc5 10. Bc2 d5 11. Qe2 d4 12. h3 Bh5 13. Nf1 Bxf3 14. Qxf3 Bg5 15.
Qg3 Bf6 16. Nh2 O-O 17. Nf3 Qe7 18. cxd4 Nb4 19. Bb1 Ncxd3 20. Bxd3 Nxd3 21.
Rd1 Nxc1 22. Raxc1 g6 23. Nxe5 Rad8 24. f4 c6 25. Kh2 Bg7 26. Qe3 Rfe8 27. Re1
Qb4 28. Rcd1 Qxb2 29. Re2 Qb4 30. Nf3 Bh6 31. g4 c5 32. d5 f5 33. gxf5 gxf5 34.
Ne5 Re7 35. Nd3 Qd4 36. Qg3+ Rg7 37. Qh4 Rd6 38. exf5 Rf6 39. Re8+ Kf7 40. Qh5+
Rgg6 41. fxg6+ Rxg6 42. Ne5+ 1-0

[Event "Vesterhav"]
[Site "Esbjerg"]
[Date "2008.07.14"]
[Round "6"]
[White "Lindestrom, Torsten"]
[Black "Andersen, Morten"]
[Result "1-0"]
[WhiteElo "2259"]
[BlackElo "2185"]
[PlyCount "105"]
[EventDate "2008.07.11"]
[EventType "swiss"]
[EventRounds "10"]
[EventCountry "DEN"]
[Source "ChessBase"]
[SourceDate "2008.09.01"]

1. d4 Nf6 2. c4 e6 3. g3 c5 4. d5 exd5 5. cxd5 d6 6. Nc3 g6 7. Bg2 Bg7 8. Nf3
O-O 9. O-O Re8 10. Nd2 Na6 11. Nc4 Nc7 12. a4 b6 13. Nxd6 Qxd6 14. Bf4 Qd7 15.
d6 Ncd5 16. Nxd5 Nxd5 17. Bxd5 Bb7 18. Bxb7 Qxb7 19. Qc2 Rad8 20. Rfd1 Rd7 21.
a5 Be5 22. axb6 axb6 23. Bxe5 Rxe5 24. Ra3 Rd5 25. Rxd5 Qxd5 26. Rd3 Qc6 27.
Qd2 f6 28. Qf4 Kg7 29. g4 g5 30. Qd2 h6 31. Rd5 b5 32. h4 gxh4 33. Rh5 Kf7 34.
Qxh6 Ke6 35. Rf5 Rf7 36. Qe3+ Kxd6 37. g5 h3 38. Qg3+ Kd7 39. Qxh3 Kc7 40. Qg3+
Kb6 41. Qf3 Qxf3 42. exf3 Rg7 43. Rxf6+ Ka5 44. f4 c4 45. Kg2 Ka4 46. g6 b4 47.
f5 c3 48. bxc3 bxc3 49. Rc6 Kb3 50. Kg3 c2 51. Kg4 Kb2 52. Kg5 c1=Q+ 53. Rxc1
1-0

[Event "Vesterhav"]
[Site "Esbjerg"]
[Date "2008.07.14"]
[Round "6"]
[White "Luther, Lasse"]
[Black "Johansen, Johnny Holler"]
[Result "1/2-1/2"]
[WhiteElo "1912"]
[BlackElo "2029"]
[PlyCount "31"]
[EventDate "2008.07.11"]
[EventType "swiss"]
[EventRounds "10"]
[EventCountry "DEN"]
[Source "ChessBase"]
[SourceDate "2008.09.01"]

1. e4 c5 2. Nf3 Nc6 3. d4 cxd4 4. Nxd4 Nf6 5. Nc3 e6 6. Ndb5 Bc5 7. Bf4 O-O 8.
Bc7 Qe7 9. Bd6 Bxd6 10. Qxd6 Qxd6 11. Nxd6 b6 12. f3 Rb8 13. O-O-O Bb7 14. Be2
Ne7 15. Rd2 Bc6 16. Rhd1 1/2-1/2

[Event "Vesterhav"]
[Site "Esbjerg"]
[Date "2008.07.14"]
[Round "6"]
[White "Madsen, Tobias Juul"]
[Black "Marshall, Michael"]
[Result "0-1"]
[WhiteElo "1608"]
[BlackElo "1917"]
[PlyCount "50"]
[EventDate "2008.07.11"]
[EventType "swiss"]
[EventRounds "10"]
[EventCountry "DEN"]
[Source "ChessBase"]
[SourceDate "2008.09.01"]

1. e4 c6 2. d4 d5 3. exd5 cxd5 4. Bd3 Nf6 5. Ne2 e6 6. c3 Be7 7. Bf4 Nc6 8. Nd2
a6 9. a4 O-O 10. Nf3 Bd7 11. Qc2 Rc8 12. Qb1 Na5 13. g4 g6 14. h4 Ne4 15. Ng3
f5 16. Bh6 Re8 17. Ne5 Nc6 18. h5 Nxe5 19. dxe5 Bc5 20. Nxe4 fxe4 21. Be2 Qb6
22. f3 Bf2+ 23. Kf1 Bg3 24. Kg2 Qf2+ 25. Kh3 Bxe5 0-1

[Event "Vesterhav"]
[Site "Esbjerg"]
[Date "2008.07.14"]
[Round "6"]
[White "Malakhatko, Vadim"]
[Black "Evdokimov, Alexander A"]
[Result "1/2-1/2"]
[WhiteElo "2612"]
[BlackElo "2555"]
[PlyCount "153"]
[EventDate "2008.07.11"]
[EventType "swiss"]
[EventRounds "10"]
[EventCountry "DEN"]
[Source "ChessBase"]
[SourceDate "2008.09.01"]

1. d4 Nf6 2. Nf3 g6 3. c3 Bg7 4. Bg5 O-O 5. Nbd2 d6 6. a4 a5 7. e4 h6 8. Bh4
Nc6 9. Bb5 Bd7 10. O-O Qe8 11. Re1 e5 12. dxe5 Nxe5 13. Nxe5 dxe5 14. Bxf6 Bxf6
15. Bxd7 Qxd7 16. Nc4 Qe6 17. Qd5 Qxd5 18. exd5 Rfd8 19. Rad1 Ra6 20. g3 Kf8
21. Kg2 h5 22. h3 Bg7 23. g4 hxg4 24. hxg4 f6 25. g5 fxg5 26. Nxe5 Rad6 27. c4
c6 28. Rd3 Kg8 29. Rb3 cxd5 30. c5 Re6 31. Nd3 Rxe1 32. Nxe1 Rd7 33. Rb6 Kf7
34. Nd3 d4 35. Rb5 Ke6 36. Rxa5 Rc7 37. Kf3 Kd5 38. c6+ Kc4 39. cxb7 Rxb7 40.
Ke2 Bf8 41. Rxg5 Re7+ 42. Re5 Rxe5+ 43. Nxe5+ Kb4 44. Kd3 Kxa4 45. Kc4 Bg7 46.
b3+ Ka3 47. Nd3 Bf8 48. b4 Ka4 49. Nc5+ Ka3 50. Nd3 Ka4 51. b5 Ka5 52. Ne5 Bg7
53. Nc6+ Kb6 54. Nxd4 Be5 55. Nc6 Bd6 56. f3 g5 57. Nb4 Ka5 58. Nd5 Bf8 59. Nf6
Be7 60. Nd7 Ba3 61. Nc5 Kb6 62. Na4+ Ka5 63. Nc3 Bf8 64. Ne4 Be7 65. Nc5 Kb6
66. Ne6 Ka5 67. Nc7 Bd6 68. Nd5 Bf8 69. b6 Ka6 70. Kd4 Kb7 71. Ke5 Kc6 72. Nf6
Ba3 73. Nd5 Bf8 74. Ke6 Bc5 75. Nf6 Bxb6 76. Ne4 Be3 77. Kf5 1/2-1/2

[Event "Vesterhav"]
[Site "Esbjerg"]
[Date "2008.07.14"]
[Round "6"]
[White "Mortensen, Carl Heinrich"]
[Black "Jensen, Jan Kargaard"]
[Result "0-1"]
[WhiteElo "1686"]
[BlackElo "1813"]
[PlyCount "86"]
[EventDate "2008.07.11"]
[EventType "swiss"]
[EventRounds "10"]
[EventCountry "DEN"]
[Source "ChessBase"]
[SourceDate "2008.09.01"]

1. e4 c5 2. b4 cxb4 3. a3 d5 4. exd5 Qxd5 5. axb4 e6 6. c3 Nf6 7. Nf3 Be7 8.
Be2 O-O 9. O-O e5 10. Ra5 Qd6 11. Nxe5 Be6 12. d4 Nbd7 13. f4 b6 14. Ra1 Rfc8
15. Qe1 Bd5 16. c4 Bxc4 17. Nxc4 Qxd4+ 18. Kh1 Qxa1 19. Bb2 Qa2 20. Nc3 Qb3 21.
Qa1 Rxc4 22. Bxc4 Qxc4 23. Na2 Bxb4 24. Nxb4 Qxb4 25. Be5 Nxe5 26. fxe5 Nd7 27.
Qa6 Nc5 28. Qe2 Ne6 29. Qf3 Rf8 30. Qd5 Qd4 31. Qb7 a5 32. h3 a4 33. Rf3 Qa1+
34. Kh2 Qxe5+ 35. Kh1 Qe1+ 36. Kh2 Qa5 37. Qe7 a3 38. Rxa3 Qe5+ 39. Kh1 Rc8 40.
Kg1 Qd4+ 41. Kh2 Qf4+ 42. Rg3 Rc3 43. Qe8+ Nf8 0-1

[Event "Vesterhav"]
[Site "Esbjerg"]
[Date "2008.07.14"]
[Round "6"]
[White "Nielsen, Lasse Simoni"]
[Black "Svane, Henrik"]
[Result "1/2-1/2"]
[WhiteElo "1888"]
[BlackElo "2150"]
[PlyCount "60"]
[EventDate "2008.07.11"]
[EventType "swiss"]
[EventRounds "10"]
[EventCountry "DEN"]
[Source "ChessBase"]
[SourceDate "2008.09.01"]

1. e4 e6 2. d4 d5 3. Nd2 c5 4. exd5 exd5 5. Ngf3 Nc6 6. Bb5 Bd6 7. O-O Nge7 8.
dxc5 Bxc5 9. Nb3 Bd6 10. Nbd4 O-O 11. c3 Bg4 12. Bxc6 bxc6 13. h3 Bh5 14. Bg5
Qc7 15. Re1 Rfe8 16. Qa4 Bxf3 17. Nxf3 h6 18. Bd2 Rab8 19. b3 Nf5 20. Qg4 g6
21. Qa4 Kh7 22. c4 Re4 23. Ba5 Qd7 24. Nd2 Rxe1+ 25. Rxe1 Re8 26. Rxe8 Qxe8 27.
cxd5 Qe5 28. Nf1 cxd5 29. Qd7 Kg7 30. Qb5 Nd4 1/2-1/2

[Event "Vesterhav"]
[Site "Esbjerg"]
[Date "2008.07.14"]
[Round "6"]
[White "Nordin, Eric"]
[Black "Andersen, Vagn Skov"]
[Result "1/2-1/2"]
[WhiteElo "1991"]
[BlackElo "1778"]
[PlyCount "50"]
[EventDate "2008.07.11"]
[EventType "swiss"]
[EventRounds "10"]
[EventCountry "DEN"]
[Source "ChessBase"]
[SourceDate "2008.09.01"]

1. e4 d6 2. d4 Nf6 3. Nc3 c6 4. f4 Qa5 5. Bd2 e5 6. fxe5 dxe5 7. dxe5 Qxe5 8.
Nf3 Qe7 9. Qe2 Be6 10. Bg5 h6 11. Bh4 g5 12. Bg3 Nbd7 13. O-O-O Bg7 14. Bd6 Qd8
15. Nd4 Bg4 16. Nf3 Qa5 17. e5 Nd5 18. Nxd5 cxd5 19. Qb5 Qxb5 20. Bxb5 Be6 21.
Rd3 a6 22. Ba4 b5 23. Bb3 Nb6 24. Rhd1 Kd7 25. Bc5 Nc4 1/2-1/2

[Event "Vesterhav"]
[Site "Esbjerg"]
[Date "2008.07.14"]
[Round "6"]
[White "Oehmichen, Jan"]
[Black "Kops, John"]
[Result "1-0"]
[WhiteElo "1853"]
[BlackElo "1979"]
[PlyCount "71"]
[EventDate "2008.07.11"]
[EventType "swiss"]
[EventRounds "10"]
[EventCountry "DEN"]
[Source "ChessBase"]
[SourceDate "2008.09.01"]

1. c4 e6 2. Nc3 Nf6 3. e4 d6 4. g3 Be7 5. Bg2 O-O 6. f4 e5 7. f5 Nbd7 8. d3 Nb6
9. Be3 c6 10. a4 d5 11. a5 d4 12. axb6 Qxb6 13. Na4 Qd8 14. Bd2 b5 15. Nf3 bxa4
16. Nxe5 Qb6 17. Qxa4 Bb7 18. b4 Qc7 19. Nf3 Bd6 20. c5 Bxg3+ 21. Ke2 Be5 22.
Raf1 Nd7 23. Qa1 Rfd8 24. Nxe5 Qxe5 25. Bf4 Qf6 26. Qc1 Re8 27. Rf3 Ba6 28. Kf2
Ne5 29. Bg5 Nxd3+ 30. Rxd3 Qe5 31. Bf4 Qf6 32. Rg3 d3 33. Qa1 Qxa1 34. Rxa1 Bb5
35. Bd6 a6 36. e5 1-0

[Event "Vesterhav"]
[Site "Esbjerg"]
[Date "2008.07.14"]
[Round "6"]
[White "Ovsejevitsch, Sergei"]
[Black "Rasmussen, Karsten"]
[Result "1/2-1/2"]
[WhiteElo "2582"]
[BlackElo "2458"]
[PlyCount "45"]
[EventDate "2008.07.11"]
[EventType "swiss"]
[EventRounds "10"]
[EventCountry "DEN"]
[Source "ChessBase"]
[SourceDate "2008.09.01"]

1. c4 c6 2. e4 d5 3. exd5 Nf6 4. Nc3 cxd5 5. cxd5 Nxd5 6. Nf3 Nxc3 7. bxc3 g6
8. Bb5+ Nc6 9. O-O Bg7 10. Re1 O-O 11. Ba3 Re8 12. d4 Bd7 13. Rc1 Rc8 14. c4
Na5 15. Qa4 Bxb5 16. cxb5 Rxc1 17. Rxc1 b6 18. Bb4 Qd7 19. Bxa5 bxa5 20. h3 a6
21. Rc6 axb5 22. Qxb5 Rd8 23. Rc5 1/2-1/2

[Event "Vesterhav"]
[Site "Esbjerg"]
[Date "2008.07.14"]
[Round "6"]
[White "Brondt, Nicolai Kvist"]
[Black "Poulsen, Iver"]
[Result "0-1"]
[WhiteElo "1966"]
[BlackElo "2147"]
[PlyCount "54"]
[EventDate "2008.07.11"]
[EventType "swiss"]
[EventRounds "10"]
[EventCountry "DEN"]
[Source "ChessBase"]
[SourceDate "2008.09.01"]

1. d4 d5 2. c4 e6 3. cxd5 exd5 4. Nc3 c6 5. Qc2 Bd6 6. Nf3 Ne7 7. Bg5 f6 8. Bh4
Bf5 9. Qd2 Nd7 10. e3 Nb6 11. Bg3 Ng6 12. b3 a5 13. Bd3 Bxd3 14. Qxd3 a4 15.
O-O O-O 16. Bxd6 Qxd6 17. bxa4 Nxa4 18. Rab1 b5 19. Nxa4 Rxa4 20. Rb2 Rfa8 21.
Qc2 Ne7 22. Nd2 Qd7 23. Rc1 Qa7 24. Ra1 Ra3 25. Nb3 Qa4 26. Qc1 Qc4 27. Rc2
Qxb3 0-1

[Event "Vesterhav"]
[Site "Esbjerg"]
[Date "2008.07.14"]
[Round "6"]
[White "Pedersen, Torben Phalaris"]
[Black "Lindestrom, Amalie Heiring"]
[Result "1-0"]
[WhiteElo "1973"]
[BlackElo "1413"]
[PlyCount "69"]
[EventDate "2008.07.11"]
[EventType "swiss"]
[EventRounds "10"]
[EventCountry "DEN"]
[Source "ChessBase"]
[SourceDate "2008.09.01"]

1. e4 c5 2. Nf3 d6 3. Nc3 Nf6 4. g3 g6 5. Bg2 Bg7 6. O-O O-O 7. d3 Nc6 8. Ne2
Bd7 9. c3 b5 10. Ne1 Qb6 11. Kh1 a5 12. Nc2 Rfc8 13. Ne3 Rab8 14. f4 Ng4 15.
Nd5 Qa7 16. f5 c4 17. d4 b4 18. Nef4 Nh6 19. g4 Kh8 20. Qf3 e6 21. f6 Bf8 22.
Ne3 bxc3 23. bxc3 Qa6 24. Nh3 Qb5 25. Qg3 Na7 26. Qh4 Ng8 27. Nc2 h5 28. g5 e5
29. d5 Bg4 30. Ne3 Be2 31. Re1 Bd3 32. Bf3 Kh7 33. Bxh5 gxh5 34. Qxh5+ Nh6 35.
Nf5 1-0

[Event "Vesterhav"]
[Site "Esbjerg"]
[Date "2008.07.14"]
[Round "6"]
[White "Porsgaard, Per Lykke"]
[Black "Haslinger, Ewald"]
[Result "1/2-1/2"]
[WhiteElo "1248"]
[BlackElo "1711"]
[PlyCount "110"]
[EventDate "2008.07.11"]
[EventType "swiss"]
[EventRounds "10"]
[EventCountry "DEN"]
[Source "ChessBase"]
[SourceDate "2008.09.01"]

1. d4 Nf6 2. c4 g6 3. Nc3 Bg7 4. e4 d6 5. f4 O-O 6. Nf3 c5 7. d5 Nbd7 8. Bd3
Nb6 9. O-O Qc7 10. a4 a5 11. Nb5 Qd8 12. Re1 Ne8 13. e5 e6 14. Nc3 Nc7 15. exd6
Qxd6 16. Ne4 Qd8 17. d6 Ne8 18. Bf1 Nd7 19. Rb1 b6 20. Nc3 Bxc3 21. bxc3 Ndf6
22. f5 Qxd6 23. Bh6 Qxd1 24. Rexd1 Ng7 25. fxg6 Ne4 26. gxh7+ Kxh7 27. Bxg7
Kxg7 28. Rxb6 Nxc3 29. Ra1 Bd7 30. Rb5 Bxb5 31. cxb5 Nd5 32. Ne5 Nb6 33. Nc4
Nxc4 34. Bxc4 Rfd8 35. Rc1 Rd4 36. b6 Rb8 37. Bb5 Rxb6 38. Rxc5 Rd5 39. Rc6
Rdxb5 40. axb5 Rxb5 41. Ra6 e5 42. g3 e4 43. h4 e3 44. Kf1 Re5 45. Ke2 f5 46.
Ra7+ Kg6 47. Ra6+ Kh5 48. Ra8 Kg4 49. Rg8+ Kh5 50. Rh8+ Kg4 51. Rg8+ Kh3 52. h5
Re7 53. Rg5 a4 54. Rxf5 Kxg3 55. Ra5 Re4 1/2-1/2

[Event "Vesterhav"]
[Site "Esbjerg"]
[Date "2008.07.14"]
[Round "6"]
[White "Prohl, Frank"]
[Black "Voss, Janine"]
[Result "0-1"]
[WhiteElo "1226"]
[BlackElo "1832"]
[PlyCount "58"]
[EventDate "2008.07.11"]
[EventType "swiss"]
[EventRounds "10"]
[EventCountry "DEN"]
[Source "ChessBase"]
[SourceDate "2008.09.01"]

1. f4 d5 2. Nf3 Nc6 3. e3 Nf6 4. Bb5 Bd7 5. Bxc6 Bxc6 6. O-O e6 7. d3 Bd6 8.
Nc3 O-O 9. Qe1 b6 10. e4 dxe4 11. dxe4 Bb4 12. Bd2 Bxc3 13. Bxc3 Nxe4 14. Rd1
Qe7 15. Ne5 Nxc3 16. Nxc6 Qc5+ 17. Kh1 Nxd1 18. Qe4 Nf2+ 19. Rxf2 Qxf2 20. h3
a5 21. a4 Kh8 22. Ne5 Rad8 23. Ng4 Rd1+ 24. Kh2 Qg1+ 25. Kg3 Qe1+ 26. Qxe1 Rxe1
27. Kf2 Re4 28. Kf3 Rxa4 29. Ne5 Kg8 0-1

[Event "Vesterhav"]
[Site "Esbjerg"]
[Date "2008.07.14"]
[Round "6"]
[White "Rendboe, John Filip"]
[Black "Munksgaard, Dennis"]
[Result "1-0"]
[WhiteElo "2234"]
[BlackElo "2022"]
[PlyCount "77"]
[EventDate "2008.07.11"]
[EventType "swiss"]
[EventRounds "10"]
[EventCountry "DEN"]
[Source "ChessBase"]
[SourceDate "2008.09.01"]

1. c4 Nf6 2. Nc3 d5 3. cxd5 Nxd5 4. d4 e6 5. e4 Nb6 6. Be3 g6 7. Nf3 Bg7 8. Be2
O-O 9. O-O c6 10. Qb3 N8d7 11. Rfd1 h6 12. Rac1 Nf6 13. h3 Re8 14. Ne5 Nfd7 15.
Ng4 Kh7 16. a4 f5 17. Ne5 Nxe5 18. dxe5 Qe7 19. a5 Nd7 20. f4 Nc5 21. Qc4 b6
22. Bxc5 bxc5 23. Na4 Rb8 24. Qxc5 Qh4 25. Qf2 Qxf2+ 26. Kxf2 Rb4 27. Rc4 Bf8
28. exf5 gxf5 29. Rdc1 Bd7 30. Rxb4 Bxb4 31. Nc5 Bxc5+ 32. Rxc5 Rb8 33. Rc2 Rb4
34. Rd2 Rb7 35. a6 Rc7 36. Rd6 Kg6 37. Bc4 Kf7 38. g4 Ke7 39. gxf5 1-0

[Event "Vesterhav"]
[Site "Esbjerg"]
[Date "2008.07.14"]
[Round "6"]
[White "Spirin, Oleg"]
[Black "Bach, Matthias"]
[Result "1/2-1/2"]
[WhiteElo "2446"]
[BlackElo "2272"]
[PlyCount "68"]
[EventDate "2008.07.11"]
[EventType "swiss"]
[EventRounds "10"]
[EventCountry "DEN"]
[Source "ChessBase"]
[SourceDate "2008.09.01"]

1. d4 Nf6 2. c4 c5 3. d5 e6 4. Nc3 exd5 5. cxd5 d6 6. Nf3 g6 7. g3 Bg7 8. Bg2
O-O 9. O-O a6 10. a4 Nbd7 11. Bf4 Qe7 12. h3 Re8 13. Re1 Qf8 14. e4 Nh5 15. Bg5
h6 16. Bd2 Ne5 17. Nxe5 Bxe5 18. Qc1 g5 19. Nd1 Bd7 20. a5 Ng7 21. Ne3 f5 22.
Nc4 Bd4 23. Bc3 fxe4 24. Bxd4 cxd4 25. Nb6 Rad8 26. Nxd7 Rxd7 27. Rxe4 Rde7 28.
Rxe7 Qxe7 29. Qd2 Qe5 30. Rc1 Nf5 31. Qd3 Kg7 32. Rc7+ Re7 33. Rxe7+ Nxe7 34.
Qb3 Kf6 1/2-1/2

[Event "Vesterhav"]
[Site "Esbjerg"]
[Date "2008.07.14"]
[Round "6"]
[White "Trarup, Jorgen"]
[Black "Wasenius, Thomas"]
[Result "1-0"]
[WhiteElo "1784"]
[BlackElo "1196"]
[PlyCount "125"]
[EventDate "2008.07.11"]
[EventType "swiss"]
[EventRounds "10"]
[EventCountry "DEN"]
[Source "ChessBase"]
[SourceDate "2008.09.01"]

1. e4 c6 2. d4 d5 3. e5 Bf5 4. Bd3 Bxd3 5. Qxd3 e6 6. Nf3 h6 7. Nc3 Nd7 8. Ne2
Ne7 9. Ng3 Ng6 10. h4 Bb4+ 11. c3 Be7 12. h5 Nh4 13. Nxh4 Bxh4 14. Bf4 Nb6 15.
b3 Bg5 16. Be3 a5 17. a4 Nd7 18. Qd2 Bxe3 19. fxe3 Qg5 20. Qf2 O-O 21. Qf4 Qe7
22. O-O f5 23. Qf3 c5 24. Ne2 Rac8 25. Nf4 Qf7 26. Qe2 c4 27. Rab1 Nb6 28. b4
Nxa4 29. Qc2 b5 30. bxa5 Qd7 31. Rb4 Ra8 32. Rfb1 Rfb8 33. g3 Rxa5 34. Kh2 Nb6
35. Kh3 Nc8 36. Qb2 Ne7 37. Ra1 Rxa1 38. Qxa1 Nc6 39. Rb2 b4 40. cxb4 c3 41.
Rc2 Rxb4 42. Qxc3 Rc4 43. Qb2 Rxc2 44. Qxc2 Ne7 45. Qc5 Kf7 46. Qd6 Qxd6 47.
exd6 Nc6 48. Nd3 Ke8 49. Nc5 Kf7 50. Kg2 e5 51. dxe5 Nxe5 52. d7 Nc6 53. Kf3
Nd8 54. Kf4 Kf6 55. Nd3 Ke6 56. Nb4 Kxd7 57. Kxf5 Kd6 58. Nd3 Ne6 59. Kg6 Ke7
60. Nf4 d4 61. exd4 Nxd4 62. g4 Nf3 63. Kxg7 1-0

[Event "Vesterhav"]
[Site "Esbjerg"]
[Date "2008.07.14"]
[Round "6"]
[White "Voss, Chantal"]
[Black "Kovshoj, Sune"]
[Result "1/2-1/2"]
[WhiteElo "1913"]
[BlackElo "2013"]
[PlyCount "91"]
[EventDate "2008.07.11"]
[EventType "swiss"]
[EventRounds "10"]
[EventCountry "DEN"]
[Source "ChessBase"]
[SourceDate "2008.09.01"]

1. d4 g6 2. c4 Nf6 3. Nc3 Bg7 4. e4 d6 5. Nf3 O-O 6. Be2 Nbd7 7. O-O e5 8. d5
Nc5 9. Nd2 a5 10. f3 Nh5 11. Nb3 b6 12. Be3 Nxb3 13. Qxb3 Nf4 14. Qc2 Qg5 15.
Bxf4 exf4 16. Nb5 Bh3 17. Bd3 Rac8 18. Rab1 Rfe8 19. Rfe1 Bd7 20. Qf2 Qh6 21.
Bf1 Re5 22. h3 Bf6 23. Nxc7 Rxc7 24. Qxb6 Bd8 25. Qxd6 Qg5 26. b4 Bxh3 27. bxa5
Rd7 28. Qb8 Kg7 29. a6 Bc7 30. a7 Qg3 31. a8=Q Bxb8 32. Qxb8 Rh5 33. Qb2+ f6
34. Qf2 Qg5 35. c5 Rf7 36. c6 Bc8 37. Bc4 Rc7 38. Qb6 Rf7 39. d6 Qg3 40. Qf2
Rh1+ 41. Kxh1 Qxf2 42. Bxf7 Bh3 43. gxh3 Qxf3+ 44. Kg1 Qg3+ 45. Kf1 f3 46. Rb2
1/2-1/2

[Event "Vesterhav"]
[Site "Esbjerg"]
[Date "2008.07.14"]
[Round "6"]
[White "Zachariassen, John"]
[Black "Motzkus, Mikkel"]
[Result "0-1"]
[WhiteElo "1949"]
[BlackElo "1995"]
[PlyCount "21"]
[EventDate "2008.07.11"]
[EventType "swiss"]
[EventRounds "10"]
[EventCountry "DEN"]
[Source "ChessBase"]
[SourceDate "2008.09.01"]

1. c4 Nf6 2. g3 c6 3. Bg2 d5 4. cxd5 cxd5 5. Nf3 Nc6 6. O-O Bg4 7. d3 Qd7 8.
Re1 Rc8 9. Qb3 Bxf3 10. Bxf3 Nd4 11. Qd1 0-1

[Event "Vesterhav"]
[Site "Esbjerg"]
[Date "2008.07.14"]
[Round "6"]
[White "Zyde, Fadmal"]
[Black "Pedersen, Lars Wisler"]
[Result "1-0"]
[WhiteElo "1659"]
[BlackElo "1893"]
[PlyCount "31"]
[EventDate "2008.07.11"]
[EventType "swiss"]
[EventRounds "10"]
[EventCountry "DEN"]
[Source "ChessBase"]
[SourceDate "2008.09.01"]

1. e4 c5 2. Nf3 Nc6 3. d4 cxd4 4. Nxd4 e5 5. Nxc6 bxc6 6. Bc4 Nf6 7. O-O Nxe4
8. Re1 d5 9. Rxe4 dxe4 10. Bxf7+ Ke7 11. Bg5+ Kxf7 12. Bxd8 Be6 13. Bh4 Bb4 14.
c3 Bc5 15. Qh5+ g6 16. Qxe5 1-0

[Event "Vesterhav"]
[Site "Esbjerg"]
[Date "2008.07.15"]
[Round "7"]
[White "Andersen, Jackie"]
[Black "Malakhatko, Vadim"]
[Result "0-1"]
[WhiteElo "2300"]
[BlackElo "2612"]
[PlyCount "64"]
[EventDate "2008.07.11"]
[EventType "swiss"]
[EventRounds "10"]
[EventCountry "DEN"]
[Source "ChessBase"]
[SourceDate "2008.09.01"]

1. d4 e6 2. Nf3 c5 3. e4 cxd4 4. Nxd4 a6 5. a3 Nf6 6. Nc3 d6 7. g4 d5 8. Bg2
Nxe4 9. Nxe4 dxe4 10. Bxe4 g6 11. g5 Bg7 12. c3 O-O 13. Be3 Qc7 14. a4 Nd7 15.
Nb3 f5 16. gxf6 Nxf6 17. Bf3 Qf7 18. Bc5 Re8 19. Nd2 Qc7 20. Nb3 e5 21. a5 Be6
22. Bb6 Qf7 23. Nc5 e4 24. Be2 Bd5 25. Qa4 Bh6 26. O-O Re5 27. Rad1 Rf8 28.
Rxd5 Nxd5 29. Nxe4 Qf4 30. f3 Nxb6 31. axb6 Qe3+ 32. Rf2 Rxe4 0-1

[Event "Vesterhav"]
[Site "Esbjerg"]
[Date "2008.07.15"]
[Round "7"]
[White "Andersen, Mads"]
[Black "Lindestrom, Torsten"]
[Result "1-0"]
[WhiteElo "2092"]
[BlackElo "2259"]
[PlyCount "55"]
[EventDate "2008.07.11"]
[EventType "swiss"]
[EventRounds "10"]
[EventCountry "DEN"]
[Source "ChessBase"]
[SourceDate "2008.09.01"]

1. e4 d5 2. exd5 Qxd5 3. Nc3 Qd6 4. d4 Nf6 5. Nf3 c6 6. Ne5 Nbd7 7. Nc4 Qc7 8.
Qf3 Nb6 9. Ne5 e6 10. Bf4 Bd6 11. g4 Nbd5 12. Bg3 h6 13. h4 Nxc3 14. bxc3 Rf8
15. g5 hxg5 16. hxg5 Nd7 17. Ng4 Bxg3 18. fxg3 b6 19. Rh7 Rg8 20. Bd3 Nf8 21.
g6 Nxh7 22. gxf7+ Qxf7 23. Qxc6+ Ke7 24. Ne5 Qh5 25. Bg6 Qh3 26. Qc7+ Kf6 27.
Qf7+ Kg5 28. Qf4# 1-0